Central Library OPAC University of Rajshahi

Diplomat among warriors / (Record no. 42203)

MARC details
000 -LEADER
fixed length control field 00692nam a2200229 a 4500
001 - CONTROL NUMBER
control field 42203
003 - CONTROL NUMBER IDENTIFIER
rucl marc code BD-RjUL
005 - DATE AND TIME OF LATEST TRANSACTION
control field 20211209053516.0
008 - FIXED-LENGTH DATA ELEMENTS--GENERAL INFORMATION
fixed length control field 160611s1964 nyuc 001 0aeng d
035 ## - SYSTEM CONTROL NUMBER
System control number (BD-RjUL) 42321
040 ## - CATALOGING SOURCE
Language of cataloging eng
Original cataloging agency BD-RjUL
Transcribing agency BD-RjUL
041 ## - LANGUAGE CODE
Language code of text/sound track or separate title eng
082 ## - DEWEY DECIMAL CLASSIFICATION NUMBER
Edition number 23
Classification number 327.73
Author mark and year MUD 1964
100 1# - MAIN ENTRY--PERSONAL NAME
Personal name Murphy, Robert D.
Fuller form of name (Robert Daniel),
Dates associated with a name 1894-1978
9 (RLIN) 129788
245 10 - TITLE STATEMENT
Title Diplomat among warriors /
Statement of responsibility, etc. Robert Murphy.
260 ## - PUBLICATION, DISTRIBUTION, ETC. (IMPRINT)
Place of publication, distribution, etc. New York :
Name of publisher, distributor, etc. Collins,
Date of publication, distribution, etc. c1964
300 ## - PHYSICAL DESCRIPTION
Pagination [6], 575 p. :
Illustrations ill ;
Size 24 cm
500 ## - GENERAL NOTE
General note Includes index
650 #0 - SUBJECT ADDED ENTRY--TOPICAL TERM
Topical term or geographic name as entry element Diplomats
General subdivision Biography
9 (RLIN) 129789
Topical term or geographic name as entry element Foreign relations
Chronological subdivision 20th century
Geographic subdivision United States
9 (RLIN) 129790
942 ## - ADDED ENTRY ELEMENTS (KOHA)
Source of classification or shelving scheme Dewey Decimal Classification
Koha item type Books
Holdings
Lost status Source of classification or shelving scheme Damaged status Not for loan Collection code Permanent Location Current Location Shelving location Date acquired Source of acquisition Cost, normal purchase price Total Checkouts Full call number Date last seen Copy number Koha item type
  Dewey Decimal Classification     Non-fiction Central Library, University of Rajshahi Central Library, University of Rajshahi   19/06/1973 S. A. Akhanda 7.50   327.73 MUD 1964 11/06/2016 C-2 Books
  Dewey Decimal Classification     Non-fiction Central Library, University of Rajshahi Central Library, University of Rajshahi   15/05/1967 University Ble. Agency 33.75   327.73 MUD 1964 11/06/2016 C-3 Books